Riconosci il Pokémon - Quiz n°971 - Statistics

Statistiche generali
  • Questo quiz è stato fatto 3 volte
  • Il punteggio medio è 9 su 10
Statistiche sulle risposte
Indizio Risposta % Corretto
Peso 138,6 kg
100%
Altezza 1,8 m
100%
Tasso di cattura 30 (8.8%)
100%
Sesso 75% ♂, 25% ♀
100%
Tipo Elettro
100%
Abilità Elettrorapid; Spiritovivo
100%
Generazione Quarta
100%
Stadio evoluzione Seconda evoluzione
100%
Pokémon Electivire
67%
Tasso di allevamento Medio-Veloce
67%
Nessun quiz corrispondente trovato
Distribuzione punteggi
Percentuale di utenti per punteggio
Percentile per numero di risposta
I tuoi punteggi nel tempo
Non hai fatto questo quiz